Normal view
MARC view
- Verdera, Joan.
Entry Personal Name
001 - CONTROL NUMBER
- control field: 8693
003 - CONTROL NUMBER IDENTIFIER
- control field: NUST
005 - DATE AND TIME OF LATEST TRANSACTION
- control field: 20180118121626.0
008 - FIXED-LENGTH DATA ELEMENTS
- fixed length control field: 180118|| aca||aabn | a|a d
040 ## - CATALOGING SOURCE
- Original cataloging agency: NUST
- Transcribing agency: NUST
100 ## - HEADING--PERSONAL NAME
- Personal name: Verdera, Joan.
670 ## - SOURCE DATA FOUND
- Source citation: Work cat.: (NUST)30061: Sanz-Sole, Marta. 8690, Proceedings of the international congress of mathematicians, madrid 2006 /, 2007.
